Contro la famiglia.
محفوظ في:
| التنسيق: | كتاب |
|---|---|
| اللغة: | الإيطالية |
| منشور في: |
Roma :
Stampa alternativa,
\1976!
|
| الطبعة: | Nuova edizione interamente aggiornata con la nuova legge sui minorenni |
| الموضوعات: | |
| الوسوم: |
لا توجد وسوم, كن أول من يضع وسما على هذه التسجيلة!
|
MARC
| LEADER | 00000nam a22000007i 4500 | ||
|---|---|---|---|
| 001 | IT\ICCU\IEI\0183807 | ||
| 003 | ItRI | ||
| 005 | 20260115232218.0 | ||
| 008 | 020405s1976 it |||||| ||||| |||||c | ||
| 040 | |b ita |c importazione bologna sebina | ||
| 041 | 7 | |a ita |2 ISO-639-2 | |
| 082 | |a 305.235 |9 LIVELLI DI ETA. ADOLESCENTI |2 19 | ||
| 245 | 0 | 0 | |a Contro la famiglia. |
| 250 | |a Nuova edizione interamente aggiornata con la nuova legge sui minorenni | ||
| 260 | |a Roma : |b Stampa alternativa, |c \1976! | ||
| 300 | |a 99 p. : |b ill. ; |c 23 cm. | ||
| 650 | 7 | |a Sesso | |
| 650 | 7 | |a Famiglia |x Italia |2 scbi | |
| 650 | 7 | |a Contestazione | |
| 942 | |2 ddc |c BK |n 0 | ||
| 952 | |0 0 |1 0 |4 0 |6 DOC_306_850000000000000_CON |7 0 |9 22086 |a BO |b BO |d 2026-01-15 |i 12373 |l 0 |o DOC 306.850 CON |p BO12373 |r 2026-01-15 23:22:18 |w 2026-01-15 |x [Sebina 7] [1 v.] |y BK |z 1 v. | ||
| 999 | |c 18879 |d 18879 | ||